Landlocked US States - Statistics

General Stats
  • This quiz has been taken 1,134 times
  • The average score is 18 of 20
Answer Stats
Hint Answer % Correct
6 Kansas
95%
7 Kentucky
95%
15 South Dakota
95%
3 Colorado
94%
16 Tennessee
94%
17 Utah
94%
20 Wyoming
94%
2 Arkansas
93%
4 Idaho
93%
11 Nevada
93%
19 West Virginia
93%
9 Montana
92%
10 Nebraska
92%
13 North Dakota
92%
14 Oklahoma
92%
1 Arizona
90%
5 Iowa
90%
8 Missouri
90%
12 New Mexico
89%
18 Vermont
86%
No matching quizzes found
Score Distribution
Percent of People with Each Score
Percentile by Number Answered
Your Score History
You have not taken this quiz